[Event "Sevilla-ch U18"]
[Site "Utrera"]
[Date "2012.02.26"]
[Round "5"]
[White "Romero Lopez, Cristina"]
[Black "Santos Ruiz, Miguel"]
[Result "1/2-1/2"]
[WhiteElo "1949"]
[BlackElo "1961"]
[PlyCount "64"]
[EventDate "2012.01.29"]
[EventType "swiss"]
[EventRounds "7"]
[EventCountry "ESP"]
[SourceTitle "EXT 2014"]
[Source "ChessBase"]
[SourceDate "2013.11.20"]
[SourceVersion "1"]
[SourceVersionDate "2013.11.20"]
[SourceQuality "1"]

1. e4 e6 2. Nf3 d5 3. exd5 exd5 4. d4 Bg4 5. h3 Bh5 6. Bd3 Nc6 7. c3 Bd6 8. Be3 Nge7 9. Nbd2 Qd7 10. Qc2 0-0-0 11. 0-0-0 Bg6 12. Rhe1 f6 13. Nb3 Bxd3 14. Qxd3 g5 15. Nc5 Bxc5 16. dxc5 Ng6 17. c4 Nge5 18. Nxe5 Nxe5 19. Qc3 Nxc4 20. Qxf6 Qb5 21. Rxd5 Nxe3 22. Qe6+ Kb8 23. Rxd8+ Rxd8 24. Qxe3 h6 25. Kb1 b6 26. cxb6 axb6 27. Qc3 Qd5 28. Rc1 c5 29. f3 Qd2 30. Qxd2 Rxd2 31. Rc2 Rd1+ 32. Rc1 Rd2 1/2-1/2

[Event "EU-ch U14 Girls 19th"]
[Site "Fermo"]
[Date "2009.09.04"]
[Round "5"]
[White "Romero Lopez, Cristina"]
[Black "Pohl, Theresa"]
[Result "1-0"]
[WhiteElo "1741"]
[BlackElo "1852"]
[PlyCount "97"]
[EventDate "2009.08.31"]
[EventType "swiss"]
[EventRounds "9"]
[EventCountry "ITA"]
[SourceTitle "CBM 132 Extra"]
[Source "ChessBase"]
[SourceDate "2009.11.03"]
[SourceVersion "1"]
[SourceVersionDate "2009.11.03"]
[SourceQuality "1"]

1. e4 e6 2. Nf3 d5 3. exd5 exd5 4. d4 Nf6 5. Bd3 Bd6 6. 0-0 0-0 7. Bg5 Bg4 8. Nbd2 c6 9. Re1 Nbd7 10. c3 Qc7 11. h3 Bh5 12. Qc2 Bg6 13. Bxg6 hxg6 14. Rac1 Rfe8 15. b3 Rac8 16. c4 Bb4 17. Qb2 Qa5 18. Rxe8+ Rxe8 19. Nb1 Ne4 20. Bf4 Ndf6 21. c5 Nh5 22. Be3 Qd8 23. a3 Ba5 24. b4 Bc7 25. a4 Bf4 26. Re1 Ng5 27. Nbd2 Ne4 28. Bxf4 Nxf4 29. Re3 g5 30. Nxe4 dxe4 31. Ne5 f6 32. Nc4 Nd3 33. Qc3 Qd5 34. Nd6 Re7 35. b5 f5 36. Qc4 Qxc4 37. Nxc4 f4 38. Re2 Kf8 39. Nd6 e3 40. fxe3 Rxe3 41. Rxe3 fxe3 42. Kf1 Nf4 43. Nxb7 cxb5 44. axb5 Nd5 45. Nd8 e2+ 46. Ke1 Nc7 47. b6 axb6 48. cxb6 Na6 49. Nc6 1-0

[Event "ESP-chT2 Gr2"]
[Site "Burguillos"]
[Date "2009.08.05"]
[Round "1"]
[White "Blasco de la Cruz, Luis"]
[Black "Romero Lopez, Cristina"]
[Result "1/2-1/2"]
[WhiteElo "2045"]
[BlackElo "1741"]
[PlyCount "79"]
[EventDate "2009.08.05"]
[EventType "team-swiss"]
[EventRounds "6"]
[EventCountry "ESP"]
[SourceTitle "CBM 131 Extra"]
[Source "ChessBase"]
[SourceDate "2009.09.03"]
[SourceVersion "2"]
[SourceVersionDate "2009.09.16"]
[SourceQuality "1"]

1. e4 e6 2. d4 d5 3. exd5 exd5 4. Bd3 Nc6 5. c3 Bd6 6. Qf3 Nf6 7. h3 h6 8. Ne2 Be6 9. Be3 Qd7 10. Nd2 0-0-0 11. 0-0-0 Na5 12. Nf4 Bxf4 13. Bxf4 Bf5 14. Bxf5 Qxf5 15. g4 Qg6 16. Be5 Ne4 17. Rhe1 Nxd2 18. Rxd2 Nc4 19. Rde2 f6 20. Bg3 Rd7 21. Re7 Rhd8 22. b3 Na3 23. Qf5 Qxf5 24. gxf5 Nb5 25. Kd2 Rxe7 26. Rxe7 Rd7 27. Re8+ Rd8 28. Rxd8+ Kxd8 29. a4 Nd6 30. Bxd6 cxd6 31. c4 dxc4 32. bxc4 Kc7 33. Kd3 Kb6 34. Ke4 Kc6 35. Kf4 d5 36. c5 b6 37. cxb6 Kxb6 38. Kg4 Ka5 39. Kh5 Kxa4 40. Kg6 1/2-1/2

[Event "ESP-ch U12"]
[Site "Linares"]
[Date "2007.07.14"]
[Round "9"]
[White "Romero Lopez, Cristina"]
[Black "Alcaraz Ortega, Javier"]
[Result "0-1"]
[WhiteElo "1676"]
[BlackElo "2103"]
[PlyCount "63"]
[EventDate "2007.07.08"]
[EventType "swiss"]
[EventRounds "9"]
[EventCountry "ESP"]
[SourceTitle "EXT 2008"]
[Source "ChessBase"]
[SourceDate "2007.11.25"]
[SourceVersion "1"]
[SourceVersionDate "2007.11.25"]
[SourceQuality "1"]

1. d4 d5 2. e3 Bf5 3. f4 e6 4. Nf3 c5 5. c3 Nc6 6. Bd3 Bxd3 7. Qxd3 f5 8. 0-0 Nf6 9. Nbd2 c4 10. Qe2 Bd6 11. Ne5 0-0 12. Rf3 Bxe5 13. fxe5 Nd7 14. Rh3 Rf7 15. Qh5 g6 16. Qh4 Qxh4 17. Rxh4 b5 18. Nf3 a5 19. Bd2 b4 20. Rb1 Nf8 21. a3 Rb7 22. a4 bxc3 23. Bxc3 Nb4 24. Nd2 Rab8 25. Rh3 Na2 26. Ra1 Nxc3 27. bxc3 Rb2 28. Nf1 Rc2 29. Ra3 Rb3 30. Ra1 Rbb2 31. Rg3 Rxc3 32. Rh3 0-1